SC1: Sabrina Carpenter Song Antonym Quiz - Statistics

General Stats
  • This quiz has been taken 150 times
  • The average score is 8 of 12
Answer Stats
Question Answer % Correct
Mouth Barely Closed Eyes Wide Open
92%
SC1: Can Take Responsibility a Boy for Failing Can't Blame a Girl for Trying
86%
Not Enough Old Too Young
73%
You'll be the Clouds We'll be the Stars
73%
The Beginning of Ending Under The Middle of Starting Over
71%
My Hate's Like Your Loves Like
68%
One Old Soul Two Young Hearts
64%
Worst thing You Got Best Thing I Got
57%
Black Underground White Flag
56%
Left Never Right Now
52%
Obvious Seamless
48%
Enemy You're Perfect Darling I'm a Mess
47%
No matching quizzes found
Score Distribution
Percent of People with Each Score
Percentile by Number Answered
Your Score History
You have not taken this quiz